000 00450nam a2200181Ia 4500
001 20279
005 20260306172754.0
008 260306t1987||||xx |||||||||||||| ||spa||
041 _aESP
082 _a343.1
_bH46
100 _aHerrera Paulsen, Darío
_eAUT
245 0 _aDerecho constitucional e instituciones políticas
260 _c1987
300 _a584 páginas :
_c21 cm.
650 _aGEN
654 _aCDE
942 _cLIB
_dJUS
_fJUS
_2ddc
_n
999 _c20279
_d20279